El sufragio universal y la democracia / (Record no. 164897)
[ view plain ]
| 000 -LEADER | |
|---|---|
| campo de control de longitud fija | 01023nam a22002415i 4500 |
| 001 - NÚMERO DE CONTROL | |
| campo de control | 164897 |
| 003 - IDENTIFICADOR DE NÚMERO DE CONTROL | |
| campo de control | ES-MaACL |
| 005 - FECHA Y HORA DE LA ÚLTIMA TRANSACCIÓN | |
| campo de control | 20250923161112.0 |
| 008 - DATOS DE LONGITUD FIJA--INFORMACIÓN GENERAL | |
| campo de control de longitud fija | 981117s1888 sp |||| | spa d |
| 040 ## - FUENTE DE CATALOGACIÓN | |
| Centro catalogador/agencia de origen | CCPB | B |
| Lengua de catalogación | spa |
| Centro/agencia transcriptor | CCPB | B |
| 100 1# - ENTRADA PRINCIPAL--NOMBRE DE PERSONA | |
| Nombre de persona | Scherer, Edmond. |
| 9 (RLIN) | 132539 |
| 245 13 - MENCIÓN DEL TÍTULO | |
| Título | El sufragio universal y la democracia / |
| Mención de responsabilidad, etc. | por Edmundo Scherer ; versión castellana de la segunda ed. francesa, previo consentimiento del autor ; con un prólogo y notas por Eduardo Sanz y Escartín. |
| 260 ## - PUBLICACIÓN, DISTRIBUCIÓN, ETC. | |
| Lugar de publicación, distribución, etc. | Madrid : |
| Nombre del editor, distribuidor, etc. | [Fuentes y Capdeville, libreros editores], |
| Fecha de publicación, distribución, etc. | 1888 ( |
| Fabricante | Imp. de A. Pérez Dubrull) |
| 300 ## - DESCRIPCIÓN FÍSICA | |
| Extensión | XLV, 81 p. ; |
| Dimensiones | 20 cm. |
| 596 ## - NOTA AL PIE DE IMPRENTA | |
| NOTA AL PIE DE IMPRENTA | Ed. tomado de la cub. |
| 596 ## - NOTA AL PIE DE IMPRENTA | |
| NOTA AL PIE DE IMPRENTA | Año en cub. 1889. |
| 650 #7 - PUNTO DE ACCESO ADICIONAL DE MATERIA--TÉRMINO DE MATERIA | |
| Término de materia o nombre geográfico como elemento de entrada | Democracia |
| Fuente del encabezamiento o término | embne |
| 9 (RLIN) | 11574 |
| 650 #4 - PUNTO DE ACCESO ADICIONAL DE MATERIA--TÉRMINO DE MATERIA | |
| Término de materia o nombre geográfico como elemento de entrada | Sufragio universal. |
| 9 (RLIN) | 136893 |
| 700 1# - ENTRADA AGREGADA--NOMBRE PERSONAL | |
| Nombre de persona | Sanz y Escartín, Eduardo, |
| Fechas asociadas al nombre | 1855-1939 |
| 9 (RLIN) | 103695 |
| 852 ## - LOCALIZACIÓN | |
| Ubicación | ES-MaACL |
| Número de control de estantería | T-572-F-1 |
| Nota libre | -- Enc. hol., conservando la cub. original |
| -- | -- Enc. en un vol. facticio |
| Estatus retirado | Estado de pérdida | Estado de daño | No para préstamo | Colección | Biblioteca de origen | Biblioteca actual | Ubicación en estantería | Fecha de adquisición | Total de préstamos | Signatura topográfica completa | Código de barras | Visto por última vez | Precio de reemplazo | Tipo de ítem Koha |
|---|---|---|---|---|---|---|---|---|---|---|---|---|---|---|
| Colección de folletos | Biblioteca del Ateneo de Madrid | Biblioteca del Ateneo de Madrid | Depósito folletos | 17/01/2008 | T-572-F-1 | 1172860 | 23/02/2023 | 23/02/2023 | Folleto |
